The France & Colonies Specialist (Record no. 2271)

000 -LEADER
fixed length control field 00277nam a22000977a 4500
008 - FIXED-LENGTH DATA ELEMENTS--GENERAL INFORMATION
fixed length control field 170218b xxu||||| |||| 00| 0 eng d
100 ## - MAIN ENTRY--AUTHOR'S NAME
Author's Name Lesgor, Raoul
245 ## - TITLE STATEMENT
Title The France & Colonies Specialist
260 ## - PUBLICATION, DISTRIBUTION, ETC. (IMPRINT)
Place of publication, distribution, etc. Holmes, NY
Name of publisher, distributor, etc. Nassau Stamp Co.
Date of publication, distribution, etc. 1949
650 ## - TOPICAL TERM (Tag)
Topical term or geographic name France | French Colonies
Holdings
Withdrawn status Lost status Source of classification or shelving scheme Damaged status Koha normalized classification for sorting Not for loan Collection code Permanent Location Current Location Shelving location Date acquired Total Checkouts Full call number Barcode Date last seen Price effective from Koha item type
        G5830 A1 L629     Northern Philatelic Library Northern Philatelic Library General Stacks 02/18/2017   G5830 A1 L629 1002693 02/18/2017 02/18/2017 Books

Powered by Koha